1825 1717 1829 1848 1414 1240 1070 1823 1469 1932 1579 1121 1590 1795 1521 1962 1825 1726 1818 1907 1136 1994 1188 1765 1631 1896 1602 1727 1476 1643 1194 1342 1281 1673 1640 1331 1726 1983 1141 1572 1445 1982 1485 1239 1228 1958 1486 1443 1367 1866 1694 1783 1522 1333 1514 1435 1373 1006 1123 1818 1127 1776 1075 1380 1334 1450 1443 1447 1999 1629 1686 1472 1480 1916 1724 1957 1510 1464 1951 1028 1090 1312 1711 1499 1540 1222 1191 1284 1172 1276 1934 1747 1965 1029 1054 1199 1536 1679 1272 BCNSPRNW ULIB Ver.6.0+V

เปลี่ยนเป็นภาษาไทย

Change to English
 แสดงรายละเอียดบรรณานุกรม
  กลับหน้าหลัก

Brief Record : Get Marc (ISO 2709) : E-mail record : QR code < ปิดหน้าต่าง
LEADER : 00000nam a2200000 a 4500
001    13399113715
003     ULIB
008    030113s2553 th a 000 0 tha d
020    ^a9786167342290
050  4 ^aTK7882.C56^bร451ต
100 0  ^aรุ่งโรจน์ เพ็ชรกุล
245 10 ^aตัดต่อโฮมวิดีโอง่ายๆด้วย ULEAD x3 Corel video studio prox3 พร้อม workshop งานวิดีโอ /^cรุ่งโรจน์ เพ็ชรกุล
250    ^aพิมพ์ครั้งที่ 1
260    ^aกรุงเทพฯ :^bสวัสดีไอที,^c2553
300    ^a264 หน้า :^bภาพประกอบ ;^c24 ซม
650  4 ^aวีดีโอซีดี
650  4 ^aซีดี-รอม
650  7 การตัดต่อ ^xโปรแกรมคอมพิวเตอร์
945    ^p179^l0^i030846
995    ^aเกษร
999 ^a ใช้งานได้ทุกระบบ
รายการนี้ยังไม่มีแท็ก
คุณยังไม่ได้ล็อกอิน คุณสามารถมีกิจกรรมร่วมกับเว็บไซต์ได้ แต่ต้องล็อกอินก่อน ::
  ล็อกอิน

รายการสื่อสารสนเทศ

ลำดับที่ ประเภท เลขเรียก/บาร์โค้ด สถานที่ สถานะ
- ไม่พบข้อมูล -

รายการใกล้เคียง
    หัวเรื่อง [ซีดี-รอม]

BibComment


ยังไม่เคยถูกคอมเมนท์

คอมเมนท์ทรัพยากรรายการนี้
  คอมเมนท์: ตัดต่อโฮมวิดีโอง..


 Copyright 2026. Bcnsprnw @Library